000 00330nam a2200121 a 4500
005 20140414131856.0
008 100828s19uu xx 00 eng d
050 _aFIL
_bD15 1989
100 _a
245 _aDalawang dagang bulag :
_bSa kanilang paglalagalag.
260 _aManila, Philippines :
_bAdarna,
_c1980.
999 _c110452
_d110452